Europe-Asia Studies

Guardado en:
Detalles Bibliográficos
Formato: Seriadas
Lenguaje:inglés
Publicado: Abingdon Carfax
Materias:
Etiquetas: Agregar Etiqueta
Sin Etiquetas, Sea el primero en etiquetar este registro!

MARC

LEADER 00000nas1a22000001 4500
001 s120164
005 20230426143603.6
022 |a 0038-5859 
041 0 |a eng 
044 |a GB 
245 1 0 |a Europe-Asia Studies 
264 1 |a Abingdon  |b Carfax 
500 |a Do roku 1992 názov : Soviet Studies 
610 2 0 |a rozvoj hospodársky 
610 2 0 |a politika hospodárska